Welcome to the Holygrace Academy Library

Please use search bar below to get started

TEACHING ENGLISH AS A SECOND LANGUAGE (Record no. 3955)

MARC details
000 -LEADER
fixed length control field 00321nam a22001337a 4500
082 ## - DEWEY DECIMAL CLASSIFICATION NUMBER
Classification number 425
Item number VER/T
100 ## - MAIN ENTRY--AUTHOR NAME
Personal name PAUL VARGHESE, C
245 ## - TITLE STATEMENT
Title TEACHING ENGLISH AS A SECOND LANGUAGE
250 ## - EDITION STATEMENT
Edition statement SEVENTH
260 ## - PUBLICATION, DISTRIBUTION, ETC. (IMPRINT)
Place of publication NEW DELHI
Name of publisher STERLING PUBLISHERS
Year of publication 2005
300 ## - PHYSICAL DESCRIPTION
Number of Pages 121
650 ## - SUBJECT ADDED ENTRY--TOPICAL TERM
Topical Term VOCABULARY
Geographic subdivision NEW DELHI
942 ## - ADDED ENTRY ELEMENTS (KOHA)
Koha item type Books
Holdings
Withdrawn status Lost status Collection code Home library Current library Shelving location Date acquired Source of acquisition Full call number Accession Number Koha item type
    Reference Main Library Main Library SHELF-16D -ENGLISH GRAMMAR ,POEMS 02/10/2006 PURCHASE 425 VER/T 00818 Books